| Поле | Инд. | ПП | Название | Значение |
|---|---|---|---|---|
| Тип записи | a | |||
| Библиографический уровень | m | |||
| 001 | Контрольный номер | 4b68c6b2745046d488eb43ebabaa5724 | ||
| 005 | Дата корректировки | 20230123123241.3 | ||
| 040 | a | Служба первич. каталог. | 10013504 | |
| 041 | 0_ | a | Код языка текста | rus |
| 090 | a | Полочн. индекс | А144(075) | |
| x | Авторский знак | Ж 815 | ||
| 245 | 10 | a | Заглавие | Ч. 2 |
| 260 | c | Дата издания | 1989 | |
| 300 | a | Объем | 48 с. | |
| b | Иллюстрации/ тип воспроизводства | ил. | ||
| 504 | a | Библиография | Библиогр.: с.47 (4 назв.) | |
| 773 | 18 | a | Заголовок основной записи | Жорняк Г.Н. |
| w | Контрольный № источника | f067d9be4def4d3db6424a2624c22232 | ||
| t | Название источника | Конструкция, техническая эксплуатация и ремонт авиационной техники | ||
| g | Прочая информация | Ч. 2 | ||
| d | Место и дата издания | М., 1989- | ||
| 901 | t | Тип документа | n | |
| 952 | a | Тип литературы для КСУ ВШ | БУмР | |
| c | Вид литературы | учебно-методическое издание |